[Event "Chessable Masters - Torneo preliminare"]
[White "Meier, Georg"]
[Black "Volkov, Sergey"]
[WhiteFideId "4675789"]
[BlackFideId "4122763"]
[WhiteElo "2624"]
[BlackElo "2496"]
[Result "1-0"]
[Round "2"]
[TimeControl "600+2"]
[Date "2023.03.13"]
[WhiteClock "0:01:20"]
[BlackClock "0:03:05"]

1. Nf3 {[%clk 0:10:01]}  d5 {[%clk 0:09:22]} 2. g3 {[%clk 0:10:03]}  c6 {[%clk 0:09:21]} 3. Bg2 {[%clk 0:10:04]}  Nf6 {[%clk 0:09:22]} 4. O-O {[%clk 0:10:04]}  Bg4 {[%clk 0:09:23]} 5. h3 {[%clk 0:10:05]}  Bxf3 {[%clk 0:09:24]} 6. Bxf3 {[%clk 0:10:07]}  Nbd7 {[%clk 0:09:25]} 7. d3 {[%clk 0:10:08]}  e5 {[%clk 0:09:23]} 8. e4 {[%clk 0:10:08]}  dxe4 {[%clk 0:09:23]} 9. dxe4 {[%clk 0:10:08]}  Bc5 {[%clk 0:09:24]} 10. Qe2 {[%clk 0:10:09]}  O-O {[%clk 0:09:23]} 11. Nd2 {[%clk 0:10:09]}  a5 {[%clk 0:09:23]} 12. a4 {[%clk 0:10:10]}  Qe7 {[%clk 0:09:20]} 13. Kg2 {[%clk 0:10:09]}  Rfd8 {[%clk 0:09:19]} 14. Rd1 {[%clk 0:10:06]}  Nf8 {[%clk 0:09:19]} 15. Nc4 {[%clk 0:10:07]}  Rxd1 {[%clk 0:09:19]} 16. Qxd1 {[%clk 0:10:07]}  N6d7 {[%clk 0:09:15]} 17. Bd2 {[%clk 0:10:06]}  Nb6 {[%clk 0:08:37]} 18. Qe2 {[%clk 0:09:03]}  Nxc4 {[%clk 0:08:29]} 19. Qxc4 {[%clk 0:09:04]}  h6 {[%clk 0:08:08]} 20. Bg4 {[%clk 0:08:54]}  Bd4 {[%clk 0:08:01]} 21. Rb1 {[%clk 0:08:40]}  Qf6 {[%clk 0:07:46]} 22. Be1 {[%clk 0:08:37]}  g6 {[%clk 0:07:41]} 23. h4 {[%clk 0:08:18]}  h5 {[%clk 0:07:41]} 24. Bh3 {[%clk 0:08:17]}  Kg7 {[%clk 0:07:38]} 25. b3 {[%clk 0:07:31]}  Nh7 {[%clk 0:07:26]} 26. Qe2 {[%clk 0:07:26]}  Qe7 {[%clk 0:07:23]} 27. Rd1 {[%clk 0:07:24]}  Nf6 {[%clk 0:07:17]} 28. Rd3 {[%clk 0:06:44]}  Qa3 {[%clk 0:07:07]} 29. Rf3 {[%clk 0:06:20]}  Qe7 {[%clk 0:06:38]} 30. Bd2 {[%clk 0:06:12]}  Ne8 {[%clk 0:06:29]} 31. Rd3 {[%clk 0:06:01]}  Nc7 {[%clk 0:06:23]} 32. c3 {[%clk 0:05:59]}  Bb6 {[%clk 0:06:16]} 33. Rd7 {[%clk 0:05:55]}  Qe8 {[%clk 0:06:16]} 34. Be3 {[%clk 0:05:36]}  Bxe3 {[%clk 0:05:50]} 35. Qxe3 {[%clk 0:05:23]}  Ne6 {[%clk 0:05:49]} 36. Rxb7 {[%clk 0:05:21]}  Rd8 {[%clk 0:05:49]} 37. b4 {[%clk 0:04:56]}  axb4 {[%clk 0:05:48]} 38. cxb4 {[%clk 0:04:58]}  Rd1 {[%clk 0:05:43]} 39. Qb3 {[%clk 0:04:33]}  Rd6 {[%clk 0:05:26]} 40. Bxe6 {[%clk 0:04:24]}  Rxe6 {[%clk 0:05:26]} 41. a5 {[%clk 0:04:24]}  Qc8 {[%clk 0:05:15]} 42. Rb6 {[%clk 0:04:02]}  Rd6 {[%clk 0:04:47]} 43. b5 {[%clk 0:03:47]}  Qg4 {[%clk 0:04:04]} 44. Qf3 {[%clk 0:03:10]}  Qxf3+ {[%clk 0:04:04]} 45. Kxf3 {[%clk 0:03:11]}  Rd3+ {[%clk 0:04:06]} 46. Ke2 {[%clk 0:03:09]}  Ra3 {[%clk 0:04:07]} 47. Rxc6 {[%clk 0:02:42]}  Rxa5 {[%clk 0:04:06]} 48. b6 {[%clk 0:02:39]}  Ra2+ {[%clk 0:03:56]} 49. Kd3 {[%clk 0:02:33]}  Rb2 {[%clk 0:03:27]} 50. Kc3 {[%clk 0:02:21]}  Rb1 {[%clk 0:03:25]} 51. Kc4 {[%clk 0:02:20]}  f5 {[%clk 0:03:16]} 52. exf5 {[%clk 0:01:37]}  gxf5 {[%clk 0:03:16]} 53. Kd5 {[%clk 0:01:39]}  e4 {[%clk 0:03:16]} 54. Kd6 {[%clk 0:01:37]}  Rb2 {[%clk 0:03:10]} 55. Kc7 {[%clk 0:01:38]}  Rxf2 {[%clk 0:03:01]} 56. b7 {[%clk 0:01:39]}  Rb2 {[%clk 0:03:02]} 57. b8=Q {[%clk 0:01:15]}  Rxb8 {[%clk 0:03:02]} 58. Kxb8 {[%clk 0:01:16]}  Kf7 {[%clk 0:03:03]} 59. Kc7 {[%clk 0:01:17]}  e3 {[%clk 0:03:03]} 60. Rc3 {[%clk 0:01:17]}  f4 {[%clk 0:03:03]} 61. gxf4 {[%clk 0:01:17]}  Kf6 {[%clk 0:03:04]} 62. Rxe3 {[%clk 0:01:18]}  Kf5 {[%clk 0:03:05]} 63. Rg3 {[%clk 0:01:18]}  Kxf4 {[%clk 0:03:06]} 64. Rg5 {[%clk 0:01:19]}  Ke3 {[%clk 0:03:05]} 65. Rxh5 {[%clk 0:01:20]} 1-0


[Site "Internet"]

[Event "Chessable Masters - Torneo preliminare"]
[White "Mekhitarian, Krikor Sevag"]
[Black "Kamsky, Gata"]
[WhiteFideId "2107660"]
[BlackFideId "2000024"]
[WhiteElo "2594"]
[BlackElo "2630"]
[Result "0-1"]
[Round "2"]
[TimeControl "600+2"]
[Date "2023.03.13"]
[WhiteClock "0:00:05"]
[BlackClock "0:00:42"]

1. Nf3 {[%clk 0:10:01]}  Nf6 {[%clk 0:09:59]} 2. c4 {[%clk 0:10:02]}  b6 {[%clk 0:09:58]} 3. g3 {[%clk 0:09:59]}  Bb7 {[%clk 0:09:59]} 4. Bg2 {[%clk 0:10:00]}  c5 {[%clk 0:10:00]} 5. O-O {[%clk 0:09:59]}  e6 {[%clk 0:10:01]} 6. Nc3 {[%clk 0:09:58]}  Be7 {[%clk 0:10:00]} 7. Re1 {[%clk 0:09:59]}  d5 {[%clk 0:09:02]} 8. cxd5 {[%clk 0:09:59]}  Nxd5 {[%clk 0:08:58]} 9. e4 {[%clk 0:10:00]}  Nxc3 {[%clk 0:08:53]} 10. bxc3 {[%clk 0:10:00]}  O-O {[%clk 0:08:50]} 11. d4 {[%clk 0:10:00]}  cxd4 {[%clk 0:08:51]} 12. cxd4 {[%clk 0:10:01]}  Nc6 {[%clk 0:08:22]} 13. Bb2 {[%clk 0:08:22]}  Bf6 {[%clk 0:08:20]} 14. Qa4 {[%clk 0:08:00]}  Rc8 {[%clk 0:08:13]} 15. Rad1 {[%clk 0:07:48]}  Na5 {[%clk 0:08:13]} 16. Ne5 {[%clk 0:07:39]}  Bxe5 {[%clk 0:08:03]} 17. dxe5 {[%clk 0:07:40]}  Qe8 {[%clk 0:08:00]} 18. Qb4 {[%clk 0:05:52]}  Nc4 {[%clk 0:07:53]} 19. Bd4 {[%clk 0:05:53]}  a5 {[%clk 0:07:44]} 20. Qb3 {[%clk 0:05:44]}  b5 {[%clk 0:07:45]} 21. Bf1 {[%clk 0:05:35]}  Qc6 {[%clk 0:07:37]} 22. Rc1 {[%clk 0:03:26]}  Rfd8 {[%clk 0:07:33]} 23. Bxc4 {[%clk 0:02:20]}  bxc4 {[%clk 0:07:22]} 24. Qe3 {[%clk 0:01:55]}  Rd7 {[%clk 0:07:02]} 25. f3 {[%clk 0:01:33]}  Rcd8 {[%clk 0:07:00]} 26. Bc3 {[%clk 0:01:34]}  Rd3 {[%clk 0:06:57]} 27. Qf2 {[%clk 0:01:35]}  a4 {[%clk 0:06:25]} 28. a3 {[%clk 0:01:31]}  h6 {[%clk 0:06:16]} 29. Bb4 {[%clk 0:01:17]}  c3 {[%clk 0:05:38]} 30. Rc2 {[%clk 0:01:05]}  Ba6 {[%clk 0:04:30]} 31. Re3 {[%clk 0:00:40]}  Rxe3 {[%clk 0:03:18]} 32. Qxe3 {[%clk 0:00:41]}  Qc4 {[%clk 0:03:19]} 33. Qe1 {[%clk 0:00:21]}  Rd3 {[%clk 0:02:44]} 34. Rxc3 {[%clk 0:00:20]}  Qd4+ {[%clk 0:02:44]} 35. Kg2 {[%clk 0:00:17]}  Rd2+ {[%clk 0:02:43]} 36. Kh3 {[%clk 0:00:17]}  Re2 {[%clk 0:02:43]} 37. Qh1 {[%clk 0:00:05]}  Qxe5 {[%clk 0:02:26]} 38. Rc5 {[%clk 0:00:06]}  Qb2 {[%clk 0:02:25]} 39. Qg1 {[%clk 0:00:06]}  Rxh2+ {[%clk 0:02:22]} 40. Kg4 {[%clk 0:00:03]}  Kh7 {[%clk 0:01:18]} 41. Ra5 {[%clk 0:00:04]}  Bd3 {[%clk 0:00:48]} 42. Bc3 {[%clk 0:00:04]}  f5+ {[%clk 0:00:44]} 43. Kf4 {[%clk 0:00:04]}  Qxc3 {[%clk 0:00:42]} 44. Qxh2 {[%clk 0:00:05]}  Qxa5 {[%clk 0:00:42]} 0-1


[Site "Internet"]

[Event "Chessable Masters - Torneo preliminare"]
[White "Sankalp, Gupta"]
[Black "Drozdowski, Kacper"]
[WhiteFideId "5097010"]
[BlackFideId "1136720"]
[WhiteElo "2427"]
[BlackElo "2472"]
[Result "0-1"]
[Round "2"]
[TimeControl "600+2"]
[Date "2023.03.13"]
[WhiteClock "0:00:11"]
[BlackClock "0:04:17"]

1. Nf3 {[%clk 0:09:59]}  d5 {[%clk 0:09:58]} 2. c4 {[%clk 0:09:55]}  c6 {[%clk 0:09:58]} 3. e3 {[%clk 0:09:56]}  Nf6 {[%clk 0:09:59]} 4. Nc3 {[%clk 0:09:57]}  a6 {[%clk 0:09:58]} 5. d4 {[%clk 0:09:54]}  b5 {[%clk 0:09:52]} 6. cxd5 {[%clk 0:09:53]}  cxd5 {[%clk 0:09:52]} 7. Bd3 {[%clk 0:09:54]}  Bb7 {[%clk 0:09:42]} 8. O-O {[%clk 0:09:52]}  e6 {[%clk 0:09:43]} 9. a4 {[%clk 0:09:41]}  b4 {[%clk 0:09:43]} 10. Nb1 {[%clk 0:09:38]}  Bd6 {[%clk 0:09:39]} 11. a5 {[%clk 0:09:34]}  Nc6 {[%clk 0:09:25]} 12. Qa4 {[%clk 0:09:34]}  O-O {[%clk 0:09:25]} 13. Nbd2 {[%clk 0:09:36]}  Qe7 {[%clk 0:09:11]} 14. Nb3 {[%clk 0:09:30]}  e5 {[%clk 0:09:10]} 15. dxe5 {[%clk 0:09:17]}  Nxe5 {[%clk 0:09:12]} 16. Nxe5 {[%clk 0:09:17]}  Qxe5 {[%clk 0:09:11]} 17. f4 {[%clk 0:09:10]}  Qe7 {[%clk 0:08:40]} 18. Bd2 {[%clk 0:09:09]}  Rac8 {[%clk 0:07:14]} 19. Rac1 {[%clk 0:09:06]}  Rxc1 {[%clk 0:07:13]} 20. Rxc1 {[%clk 0:06:17]}  Ng4 {[%clk 0:07:11]} 21. g3 {[%clk 0:02:20]}  Nxe3 {[%clk 0:06:47]} 22. Nd4 {[%clk 0:02:08]}  Nc4 {[%clk 0:05:55]} 23. Nf5 {[%clk 0:00:43]}  Bc5+ {[%clk 0:05:43]} 24. Kg2 {[%clk 0:00:36]}  Qf6 {[%clk 0:05:31]} 25. Rc2 {[%clk 0:00:25]}  Bc8 {[%clk 0:04:40]} 26. Nh4 {[%clk 0:00:11]}  Qd4 {[%clk 0:04:32]} 27. Bxc4 {[%clk 0:00:11]}  Qg1+ {[%clk 0:04:17]} 28. Kf3 {[%clk 0:00:11]}  Qf2# {[%clk 0:04:17]} 0-1


[Site "Internet"]

[Event "Chessable Masters - Torneo preliminare"]
[White "Tregubov, Pavel V."]
[Black "Sjugirov, Sanan"]
[WhiteFideId "4115341"]
[BlackFideId "4189302"]
[WhiteElo "2522"]
[BlackElo "2543"]
[Result "1/2-1/2"]
[Round "2"]
[TimeControl "600+2"]
[Date "2023.03.13"]
[WhiteClock "0:00:25"]
[BlackClock "0:00:12"]

1. e4 {[%clk 0:09:52]}  c5 {[%clk 0:10:00]} 2. Nf3 {[%clk 0:09:47]}  Nc6 {[%clk 0:10:01]} 3. Bb5 {[%clk 0:09:45]}  e6 {[%clk 0:10:02]} 4. O-O {[%clk 0:09:42]}  Nge7 {[%clk 0:10:02]} 5. c3 {[%clk 0:09:42]}  a6 {[%clk 0:10:01]} 6. Ba4 {[%clk 0:09:42]}  c4 {[%clk 0:09:56]} 7. d4 {[%clk 0:09:21]}  cxd3 {[%clk 0:09:55]} 8. c4 {[%clk 0:09:17]}  Ng6 {[%clk 0:09:40]} 9. Qxd3 {[%clk 0:09:14]}  Qc7 {[%clk 0:09:24]} 10. Nc3 {[%clk 0:08:59]}  Bc5 {[%clk 0:08:41]} 11. a3 {[%clk 0:08:30]}  b6 {[%clk 0:08:17]} 12. b4 {[%clk 0:08:29]}  Be7 {[%clk 0:08:18]} 13. Bb2 {[%clk 0:08:16]}  O-O {[%clk 0:08:14]} 14. Rac1 {[%clk 0:08:17]}  a5 {[%clk 0:06:11]} 15. bxa5 {[%clk 0:05:10]}  Rxa5 {[%clk 0:06:00]} 16. Nb5 {[%clk 0:05:11]}  Qb8 {[%clk 0:05:53]} 17. Bc2 {[%clk 0:05:02]}  d6 {[%clk 0:04:56]} 18. Rfd1 {[%clk 0:04:22]}  Nce5 {[%clk 0:04:50]} 19. Nxe5 {[%clk 0:04:17]}  dxe5 {[%clk 0:04:47]} 20. g3 {[%clk 0:04:08]}  Ra8 {[%clk 0:04:30]} 21. h4 {[%clk 0:03:48]}  Bc5 {[%clk 0:04:23]} 22. h5 {[%clk 0:03:36]}  Ne7 {[%clk 0:04:24]} 23. h6 {[%clk 0:03:33]}  Ba6 {[%clk 0:03:39]} 24. hxg7 {[%clk 0:03:29]}  Kxg7 {[%clk 0:03:40]} 25. Qf3 {[%clk 0:03:14]}  Bxb5 {[%clk 0:03:29]} 26. cxb5 {[%clk 0:03:15]}  Ng6 {[%clk 0:02:24]} 27. Rd7 {[%clk 0:03:11]}  Ra7 {[%clk 0:02:21]} 28. Rcd1 {[%clk 0:03:11]}  Rxd7 {[%clk 0:02:18]} 29. Rxd7 {[%clk 0:03:11]}  Qc8 {[%clk 0:02:19]} 30. Qd3 {[%clk 0:03:00]}  Bd4 {[%clk 0:01:41]} 31. Rxd4 {[%clk 0:02:27]}  exd4 {[%clk 0:01:41]} 32. Bxd4+ {[%clk 0:02:28]}  Kg8 {[%clk 0:01:42]} 33. Bxb6 {[%clk 0:02:28]}  Ne5 {[%clk 0:01:42]} 34. Qe2 {[%clk 0:02:25]}  Qc3 {[%clk 0:01:41]} 35. Be3 {[%clk 0:02:08]}  Rc8 {[%clk 0:01:27]} 36. Bd1 {[%clk 0:02:08]}  Qxa3 {[%clk 0:01:13]} 37. b6 {[%clk 0:01:52]}  Qb4 {[%clk 0:01:13]} 38. Bf4 {[%clk 0:01:43]}  Rc5 {[%clk 0:00:43]} 39. Kg2 {[%clk 0:01:35]}  Qb1 {[%clk 0:00:08]} 40. Ba4 {[%clk 0:01:18]}  Ra5 {[%clk 0:00:06]} 41. Qe3 {[%clk 0:00:16]}  Rxa4 {[%clk 0:00:06]} 42. Bxe5 {[%clk 0:00:17]}  f6 {[%clk 0:00:05]} 43. Bxf6 {[%clk 0:00:15]}  Qxe4+ {[%clk 0:00:05]} 44. Qxe4 {[%clk 0:00:16]}  Rxe4 {[%clk 0:00:07]} 45. Bd8 {[%clk 0:00:16]}  Rb4 {[%clk 0:00:08]} 46. Bc7 {[%clk 0:00:18]}  Kf7 {[%clk 0:00:08]} 47. Kf3 {[%clk 0:00:19]}  h5 {[%clk 0:00:09]} 48. Ke3 {[%clk 0:00:20]}  e5 {[%clk 0:00:07]} 49. Kd3 {[%clk 0:00:20]}  Ke6 {[%clk 0:00:08]} 50. Kc3 {[%clk 0:00:21]}  Rb1 {[%clk 0:00:08]} 51. Kc4 {[%clk 0:00:22]}  Rb2 {[%clk 0:00:08]} 52. Kc5 {[%clk 0:00:21]}  Kd7 {[%clk 0:00:09]} 53. Kd5 {[%clk 0:00:21]}  Rxf2 {[%clk 0:00:09]} 54. Bxe5 {[%clk 0:00:22]}  Kc8 {[%clk 0:00:07]} 55. Ke4 {[%clk 0:00:21]}  Kb7 {[%clk 0:00:07]} 56. Bc7 {[%clk 0:00:23]}  Rf7 {[%clk 0:00:07]} 57. Ke3 {[%clk 0:00:23]}  Rh7 {[%clk 0:00:07]} 58. Kf4 {[%clk 0:00:23]}  h4 {[%clk 0:00:08]} 59. gxh4 {[%clk 0:00:24]}  Rxh4+ {[%clk 0:00:10]} 60. Kg3 {[%clk 0:00:24]}  Rb4 {[%clk 0:00:11]} 61. Kf3 {[%clk 0:00:23]}  Rxb6 {[%clk 0:00:12]} 62. Bxb6 {[%clk 0:00:25]} 1/2-1/2


[Site "Internet"]

[Event "Chessable Masters - Torneo preliminare"]
[White "Sattarov, Bobir"]
[Black "Golubev, Mikhail"]
[WhiteFideId "14203081"]
[BlackFideId "14100983"]
[WhiteElo "2333"]
[BlackElo "2361"]
[Result "0-1"]
[Round "2"]
[TimeControl "600+2"]
[Date "2023.03.13"]
[WhiteClock "0:00:07"]
[BlackClock "0:00:19"]

1. e4 {[%clk 0:10:01]}  c5 {[%clk 0:09:56]} 2. Nf3 {[%clk 0:10:02]}  d6 {[%clk 0:09:57]} 3. d4 {[%clk 0:10:03]}  cxd4 {[%clk 0:09:58]} 4. Nxd4 {[%clk 0:10:05]}  Nf6 {[%clk 0:09:59]} 5. f3 {[%clk 0:10:07]}  Nc6 {[%clk 0:09:57]} 6. Nc3 {[%clk 0:10:07]}  e5 {[%clk 0:09:47]} 7. Nb3 {[%clk 0:10:07]}  Be7 {[%clk 0:09:47]} 8. Be3 {[%clk 0:10:07]}  O-O {[%clk 0:09:45]} 9. Qd2 {[%clk 0:10:07]}  a5 {[%clk 0:09:39]} 10. Bb5 {[%clk 0:10:07]}  Be6 {[%clk 0:09:38]} 11. O-O-O {[%clk 0:10:00]}  Nb4 {[%clk 0:09:38]} 12. a3 {[%clk 0:09:44]}  Qc7 {[%clk 0:09:31]} 13. Kb1 {[%clk 0:09:18]}  d5 {[%clk 0:08:53]} 14. axb4 {[%clk 0:08:19]}  d4 {[%clk 0:05:43]} 15. Bxd4 {[%clk 0:05:30]}  exd4 {[%clk 0:04:47]} 16. Nxd4 {[%clk 0:04:57]}  axb4 {[%clk 0:04:22]} 17. Na4 {[%clk 0:04:57]}  Ra5 {[%clk 0:01:36]} 18. b3 {[%clk 0:04:26]}  Rfa8 {[%clk 0:01:37]} 19. Qe2 {[%clk 0:03:51]}  Bd7 {[%clk 0:01:06]} 20. Bxd7 {[%clk 0:03:06]}  Qxd7 {[%clk 0:01:06]} 21. Nf5 {[%clk 0:00:28]}  Rxa4 {[%clk 0:01:03]} 22. Nxe7+ {[%clk 0:00:19]}  Kf8 {[%clk 0:01:04]} 23. bxa4 {[%clk 0:00:07]}  Qxa4 {[%clk 0:01:01]} 24. Rd8+ {[%clk 0:00:02]}  Rxd8 {[%clk 0:01:01]} 25. Qc4 {[%clk 0:00:02]}  Ra8 {[%clk 0:00:35]} 26. Kc1 {[%clk 0:00:03]}  Qa1+ {[%clk 0:00:28]} 27. Kd2 {[%clk 0:00:05]}  Qxh1 {[%clk 0:00:29]} 28. Qc5 {[%clk 0:00:03]}  Qxg2+ {[%clk 0:00:23]} 29. Kc1 {[%clk 0:00:04]}  Qh1+ {[%clk 0:00:19]} 30. Kd2 {[%clk 0:00:04]}  Qxh2+ {[%clk 0:00:18]} 31. Kc1 {[%clk 0:00:04]}  Qh1+ {[%clk 0:00:18]} 32. Kd2 {[%clk 0:00:05]}  Qg2+ {[%clk 0:00:18]} 33. Kc1 {[%clk 0:00:06]}  Qf1+ {[%clk 0:00:18]} 34. Kd2 {[%clk 0:00:06]}  Rd8+ {[%clk 0:00:17]} 35. Nd5+ {[%clk 0:00:07]}  Kg8 {[%clk 0:00:18]} 36. Qe7 {[%clk 0:00:08]}  Qf2+ {[%clk 0:00:17]} 37. Kc1 {[%clk 0:00:08]}  Rf8 {[%clk 0:00:17]} 38. Nxf6+ {[%clk 0:00:04]}  gxf6 {[%clk 0:00:18]} 39. Qxf6 {[%clk 0:00:06]}  Qg1+ {[%clk 0:00:18]} 40. Kb2 {[%clk 0:00:07]}  Qg7 {[%clk 0:00:19]} 0-1


[Site "Internet"]

[Event "Chessable Masters - Torneo preliminare"]
[White "Cuenca Jimenez, Jose Fernando"]
[Black "Shimanov, Aleksandr"]
[WhiteFideId "2255570"]
[BlackFideId "4198603"]
[WhiteElo "2455"]
[BlackElo "2610"]
[Result "0-1"]
[Round "2"]
[TimeControl "600+2"]
[Date "2023.03.13"]
[WhiteClock "0:00:03"]
[BlackClock "0:00:41"]

1. d4 {[%clk 0:10:01]}  Nf6 {[%clk 0:09:56]} 2. c4 {[%clk 0:10:01]}  d6 {[%clk 0:09:57]} 3. Nf3 {[%clk 0:09:57]}  g6 {[%clk 0:09:58]} 4. Nc3 {[%clk 0:09:58]}  Bg7 {[%clk 0:10:00]} 5. e4 {[%clk 0:10:00]}  O-O {[%clk 0:10:01]} 6. Be2 {[%clk 0:10:01]}  e5 {[%clk 0:10:03]} 7. d5 {[%clk 0:10:00]}  h6 {[%clk 0:09:52]} 8. h3 {[%clk 0:08:58]}  Na6 {[%clk 0:09:41]} 9. Be3 {[%clk 0:08:55]}  Nc5 {[%clk 0:09:27]} 10. Nd2 {[%clk 0:08:49]}  a5 {[%clk 0:09:15]} 11. g4 {[%clk 0:08:50]}  Nh7 {[%clk 0:09:16]} 12. Qc2 {[%clk 0:08:33]}  Bd7 {[%clk 0:08:06]} 13. h4 {[%clk 0:08:25]}  Qe7 {[%clk 0:07:00]} 14. h5 {[%clk 0:08:10]}  Ng5 {[%clk 0:06:59]} 15. O-O-O {[%clk 0:08:01]}  a4 {[%clk 0:06:59]} 16. Kb1 {[%clk 0:07:58]}  f5 {[%clk 0:06:25]} 17. hxg6 {[%clk 0:06:50]}  fxg4 {[%clk 0:05:21]} 18. Rh5 {[%clk 0:04:19]}  Nh3 {[%clk 0:05:02]} 19. f3 {[%clk 0:03:04]}  g3 {[%clk 0:04:40]} 20. Bf1 {[%clk 0:02:13]}  Nf4 {[%clk 0:04:39]} 21. Bxf4 {[%clk 0:02:15]}  exf4 {[%clk 0:04:39]} 22. Bh3 {[%clk 0:02:10]}  a3 {[%clk 0:04:27]} 23. Bxd7 {[%clk 0:01:53]}  Nxd7 {[%clk 0:04:23]} 24. Nb5 {[%clk 0:01:35]}  Ne5 {[%clk 0:02:45]} 25. Nxa3 {[%clk 0:01:30]}  Rxa3 {[%clk 0:02:40]} 26. bxa3 {[%clk 0:01:29]}  Ra8 {[%clk 0:02:40]} 27. Nb3 {[%clk 0:00:55]}  Nxf3 {[%clk 0:02:22]} 28. Rf5 {[%clk 0:00:50]}  Rxa3 {[%clk 0:01:30]} 29. Rxf4 {[%clk 0:00:42]}  Ng5 {[%clk 0:01:31]} 30. Rg4 {[%clk 0:00:08]}  Qe5 {[%clk 0:01:30]} 31. Re1 {[%clk 0:00:04]}  Nf3 {[%clk 0:00:46]} 32. Re3 {[%clk 0:00:03]}  Rxb3+ {[%clk 0:00:44]} 33. Qxb3 {[%clk 0:00:03]}  Nd2+ {[%clk 0:00:46]} 34. Kc2 {[%clk 0:00:05]}  Nxb3 {[%clk 0:00:47]} 35. Rxb3 {[%clk 0:00:03]}  g2 {[%clk 0:00:41]} 36. Rb1 {[%clk 0:00:03]}  h5 {[%clk 0:00:41]} 0-1


[Site "Internet"]

[Event "Chessable Masters - Torneo preliminare"]
[White "Piorun, Kacper"]
[Black "Svane, Rasmus"]
[WhiteFideId "1130420"]
[BlackFideId "4657101"]
[WhiteElo "2491"]
[BlackElo "2621"]
[Result "1/2-1/2"]
[Round "2"]
[TimeControl "600+2"]
[Date "2023.03.13"]
[WhiteClock "0:00:16"]
[BlackClock "0:01:13"]

1. e4 {[%clk 0:10:01]}  e5 {[%clk 0:09:59]} 2. Nf3 {[%clk 0:10:02]}  Nc6 {[%clk 0:10:01]} 3. Bb5 {[%clk 0:10:03]}  a6 {[%clk 0:10:02]} 4. Ba4 {[%clk 0:10:04]}  Nf6 {[%clk 0:10:03]} 5. O-O {[%clk 0:10:05]}  Be7 {[%clk 0:10:04]} 6. d3 {[%clk 0:09:54]}  b5 {[%clk 0:10:04]} 7. Bb3 {[%clk 0:09:56]}  d6 {[%clk 0:10:06]} 8. Bd2 {[%clk 0:09:51]}  Bg4 {[%clk 0:09:59]} 9. h3 {[%clk 0:09:52]}  Bxf3 {[%clk 0:09:54]} 10. Qxf3 {[%clk 0:09:53]}  Nd4 {[%clk 0:09:55]} 11. Qd1 {[%clk 0:09:52]}  O-O {[%clk 0:09:40]} 12. Re1 {[%clk 0:09:16]}  Re8 {[%clk 0:09:08]} 13. Nc3 {[%clk 0:08:56]}  a5 {[%clk 0:08:38]} 14. a4 {[%clk 0:08:56]}  b4 {[%clk 0:08:29]} 15. Ne2 {[%clk 0:08:50]}  Nxb3 {[%clk 0:08:29]} 16. cxb3 {[%clk 0:08:51]}  c5 {[%clk 0:07:54]} 17. Ng3 {[%clk 0:08:48]}  Nd7 {[%clk 0:07:49]} 18. Nf5 {[%clk 0:08:31]}  g6 {[%clk 0:07:44]} 19. Ne3 {[%clk 0:08:22]}  Bg5 {[%clk 0:07:42]} 20. Nc4 {[%clk 0:08:19]}  Bxd2 {[%clk 0:06:28]} 21. Qxd2 {[%clk 0:08:21]}  Nf8 {[%clk 0:06:30]} 22. f4 {[%clk 0:08:21]}  exf4 {[%clk 0:06:27]} 23. Qxf4 {[%clk 0:08:20]}  Ne6 {[%clk 0:06:15]} 24. Qxd6 {[%clk 0:07:07]}  Nd4 {[%clk 0:06:15]} 25. Rf1 {[%clk 0:06:44]}  Nxb3 {[%clk 0:06:01]} 26. Rae1 {[%clk 0:06:41]}  Qxd6 {[%clk 0:05:32]} 27. Nxd6 {[%clk 0:06:43]}  Re7 {[%clk 0:05:34]} 28. e5 {[%clk 0:05:50]}  Rd8 {[%clk 0:05:23]} 29. Rf6 {[%clk 0:05:29]}  Rdd7 {[%clk 0:04:47]} 30. g4 {[%clk 0:04:32]}  Kg7 {[%clk 0:04:21]} 31. g5 {[%clk 0:04:30]}  Nd4 {[%clk 0:04:15]} 32. Kf2 {[%clk 0:04:27]}  Nc6 {[%clk 0:03:31]} 33. Nc4 {[%clk 0:03:51]}  Re6 {[%clk 0:03:31]} 34. Re3 {[%clk 0:03:40]}  h6 {[%clk 0:03:29]} 35. h4 {[%clk 0:02:26]}  Nd4 {[%clk 0:03:28]} 36. Nd6 {[%clk 0:02:21]}  hxg5 {[%clk 0:03:12]} 37. hxg5 {[%clk 0:02:20]}  Nc6 {[%clk 0:02:52]} 38. Ke2 {[%clk 0:00:56]}  Kf8 {[%clk 0:01:44]} 39. Rxe6 {[%clk 0:00:43]}  fxe6 {[%clk 0:01:46]} 40. Ne4 {[%clk 0:00:45]}  Ke7 {[%clk 0:01:12]} 41. Nxc5 {[%clk 0:00:27]}  Rd5 {[%clk 0:01:13]} 42. Ne4 {[%clk 0:00:16]} 1/2-1/2


[Site "Internet"]